000 01092nam0a2200301 4500
001 RU\NLR\BIBL_A\011603624
005 20240921190216.0
010 _a9785950042843
_9100
021 _aRU
_b2017-101135
_97291
035 _a(RuMoRGB)009502990
035 _a(NLR Aleph) 011603624
090 _a10903276
_c10903276
100 _a20180126d2017 k y0rusy50 ca
101 0 _arus
102 _aRU
105 _ay z 000zy
200 1 _aИнновационное обновление права: теория и методология
_eмонография
_fЕ. Ю. Курышев
210 _aСаратов
_c[б. и.]
_d2017
215 _a145 , [1] с.
_d21
320 _aБиблиогр. в конце кн. (114 назв.) и в подстроч. примеч.
606 1 _aПраво
_xПрименение
_xТеория
_92103714
_3RU\NLR\AUTH\661272024
686 _aХ062,0
_2rubbk
686 1 _aХ062.052
700 1 _aКурышев
_bЕ. Ю.
_gЕвгений Юрьевич
942 _cBOOK
980 _aNBR